000 00753nam a2200205Ia 4500
003 GCL
005 20240530105221.0
008 140319s9999 xx 000 0 ara d
040 _aGCL /
_cGCL
082 0 4 _a277
_bج ت
100 1 _aالسيوطى، جلال الدين محمد المحلى
245 1 0 _aتفسير الجلالين /
_cالسيوطى، جلال الدين محمد المحلى
260 _a[S.N] :
_bدار الشعب للطباعة والنشر ،
_c1970
300 _a558 ص
490 _aكتاب الشعب
_v0
650 0 4 _aتفاسير
650 0 4 _aالقران
700 1 _aالسيوطى : جلال الدين ابوالفضل عبدالرحمن بن ابى بكر بن محمد الخضيرى
942 _2ddc
_cBK
999 _c54036
_d54036